LEADER 01146nam a2200277 i 4500 001 000000178907 003 CaOOAMICUS 005 20090417000000.0 008 090417s1998 gw u000 u ger u 013 $a156482 020 $a3-465-02975-5 040 $aSeMil$bita 100 1 $aBeierwaltes, Werner,$d<1931-2019>.$0(OLS)http://semarc/name/16030 245 10$aPlatonismus im Christentum /$cWerner Beierwaltes. 260 $aFrankfurt am Main :$bKlostermann,$c1998. 300 $a222 p. ;$c24 cm. 490 0 $aPhilosophische Abhandlungen ;$v73 650 4$aPlatonismo.$0(OLS)http://semarc/subject/6066 650 4$aCristianesimo e platonismo - Storia.$0(OLS)http://semarc/subject/19414 830 0$aPhilosophische Abhandlungen ;$v73.$0(OLS)http://semarc/title/27922 850 $aSeMil 852 $aSeMil$W1$xVenegono$y1$m2R V 201$j129676$B129676$CSeMilBibl$Z2$F141278 $81 961 $aRecupero: Altro 996 $6020$a3-465-02975-5$9(OLS)http://semarc/number/167985 996 $6245$aPlatonismus im Christentum$9(OLS)http://semarc/title/256965 996 $6260$aFrankfurt am Main :$bKlostermann$9(OLS)http://semarc/publisher/31987 LEADER 01171nam a2200253 i 4500 001 000000054239 003 CaOOAMICUS 005 20240910112004.0 008 080627s1957 it u000 u ita u 040 $aSeMil$bita 100 1 $aParodi, Bonaventura,$c.$0(OLS)http://semarc/name/90654 245 13$aLa catechesi di sant'Ambrogio :$bstudio di pedagogia pastorale /$cBonaventura Parodi d'Arenzano. 264 1$aGenova :$b[s.n.],$c1957$e(Genova :$fScuola Tipografica Opera SS. Vergine di Pompei) 300 $aXXXVI, 208 p. ;$c25 cm. 490 1 $aArchivio Ambrosiano ;$v10. 650 04$aAmbrogio - Pastorale.$0(OLS)http://semarc/subject/42912 650 4$aCatechesi.$0(OLS)http://semarc/subject/3693 830 0$aArchivio Ambrosiano ;$v10.$0(OLS)http://semarc/title/254 850 $aSeMil 852 $aSeMil$W1$xVenegono$y1$m3TA A 10$j250700$B20393$CSeMilBibl$Z2$F20395 $81 961 $aAcquisto: Casa editrice 996 $6245$aLa catechesi di sant'Ambrogio :$bstudio di pedagogia pastorale$9(OLS)http://semarc/title/83904 996 $6264$aGenova :$b[s.n.]$9(OLS)http://semarc/publisher/30558